Statistics for Old Brand Logos Quiz #4

Click here to take the quiz!

General Stats

  • This quiz has been taken 1,283 times
  • The average score is 6 of 20

Answer Stats

Brand % Correct
Under Armour
60%
Umbro
56%
Klondike
50%
Fruit of the Loom
46%
Baskin-Robbins
45%
Opera
44%
Houston Rockets
42%
Java
40%
McAfee
39%
Intel
33%
British Airways
30%
Comedy Central
24%
Garnier
24%
Tic Tac
22%
Mobil
21%
Opel
16%
Southwest Airlines
14%
Western Union
14%
Total
13%
Mack Trucks
8%

Score Distribution

Percentile by Number Answered

Percent of People with Each Score

Your Score History

You have not taken this quiz